How to buy and use a modem /
Guardado en:
| Autor Principal: | |
|---|---|
| Formato: | Libro |
| Idioma: | English |
| Publicado: |
Sherman Oaks, CA :
Alfred Pub. Co.,
c1984.
|
| Series: | An Alfred handy guide
|
| Materias: | |
| Etiquetas: |
Agregar Etiqueta
Sin Etiquetas, Sea el primero en etiquetar este registro!
|
| LEADER | 00760pam a22002295a 4500 | ||
|---|---|---|---|
| 001 | EIQ.libpla003927 | ||
| 008 | 840823s1984####caua##########000#0#eng#d | ||
| 005 | 20080528185129.0 | ||
| 245 | 1 | 0 | |a How to buy and use a modem / |c by Joseph Reymann. |
| 260 | |a Sherman Oaks, CA : |b Alfred Pub. Co., |c c1984. | ||
| 300 | |a 53 p. : |b il. ; |c 28 x 11 cm. | ||
| 490 | 0 | |a An Alfred handy guide | |
| 020 | |a 0882843192 (pbk.) | ||
| 100 | 1 | |a Reymann, Joseph. | |
| 082 | 0 | 0 | |a 384 |2 19 |
| 650 | 4 | |a Electrónica |x Sistema de transmisión de datos. | |
| 650 | 4 | |a Electrónica |x Módems. | |
| 650 | 4 | |a Electronics |x Data transmission systems. | |
| 650 | 4 | |a Electronics |x Modems. | |
| 010 | |a 84020335 | ||
| 040 | |a DLC |c DLC |d AR-BbSID | ||
| 859 | |a AR-BbSID |b BIB. PLAPIQUI |h 621.381 71 |i R 33 |p 3131 | ||
